000 02875nkm0a2200457 4500
001 RU\NLR\bibl\2081204
005 20250806204033.0
020 _aRU
_b275
_9ЛЕНИНГРАД В ВЕЛИКОЙ ОТЕЧЕСТВЕННОЙ ВОЙНЕ: Печать Ленинграда, 1941 - 1945: каталог изданий, хранящихся в фондах Государственной Публичной библиотеки, вып.2. Листовки,плакаты,открытки,альбомы/Гос.публ.б-ка им.М.Е.Салтыкова-Щедрина. - Ленинград,1972
035 _a(NLR Aleph) 002072686
090 _a75108
_c75108
100 _a20131011d1943 u y0rusy50 ca
101 0 _arus
102 _aRU
105 _ay z |||||
135 _acrcn 024apaba
200 1 _aПамятка о пожарной безопасности. Запомните! Пожар легче предупредить, чем потушить
210 _aЛенинград
_cЛТ УН-9
_d[1943?]
215 _a1 с. в 5 стб.
_d43х59
300 _aПодписи: Начальник управления пожарной охраны города Ленинграда - полковник Сериков; начальник 1 Отдела Управления пожарной охраны инженер-майор Семушкин
337 _aЭлектронная копия доступна в Электронной библиотеке РНБ
517 1 _aЗапомните! Пожар легче предупредить, чем потушить
517 1 _aПожар легче предупредить, чем потушить
606 1 _aБлокада Ленинграда
_z1941 - 1944
_jЛистовки
_2nlr_sh1
_2nlr_sh2
_3RU\NLR\AUTH\661253360
686 _aН96г(2)
686 _aТ3(2)722.721,011
702 1 _aСериков
_bМ. К.
_f1894-1969
_gМихаил Кузьмич
_3RU\NLR\auth\77127146
_4570
702 1 _aСемушкин
_bБ. В.
_3RU\NLR\auth\77127142
_4570
712 0 2 _aЛенинградское городское управление пожарной охраны
_3RU\NLR\AUTH\8810174257
_4570
801 0 _aRU
_bNLR
_c19720101
_gPSBO
801 1 _aRU
_bNLR
_c20131011
_gRCR
852 _aNLR
_bЛ3-330л
_j8/4-4
856 0 _uhttp://vivaldi.nlr.ru/ll000075323/view
856 1 _uhttp://vivaldi.nlr.ru/ll000075323/cover
856 2 _uhttp://vivaldi.nlr.ru/ll000075323/text
901 _eКнижные издания
942 _cBOOK
945 _aРоссийская национальная библиотека
980 _aBV
981 3 7 _a(37) Ленинград в Великой Отечественной войне
_b(37) Инструкции, правила, памятки